00648 2200205 4500001002100000005001500021035002000036245017000056100002400226250000600250300003500256700001500291260003700306082001300343084001900356020002200375650001100397990001700408990001700425INLIS00000000000032420181002041252 a0010-10180000141 aShalat Best of the Best :bKandungan Gizi Buku Ini : Keutamaan Shalat, Kunci Sukses Shalat, Ensiklopedi Shalat /cAbdullah Gymnastiar; Penulis Pendamping, Abdul Raup0 aAbdullah Gymnastiar a- avi, 50 hlm. :bilus. ;c25 cm.0 aAbdul Raup aBandung :bMQS Publishing,c2007 a297.3822 a297.3822 ABD s a979-979-9968-04-2 aShalat a01346/P/2018 a01347/P/2018